La precédure par la libelle
Guardat en:
| Autor principal: | |
|---|---|
| Format: | Llibre |
| Idioma: | francès |
| Publicat: |
París, Francia
Sirey
1932
|
| Col·lecció: | Etudes Historiques sur le Droit de Justinien
|
| Matèries: | |
| Etiquetes: |
Afegir etiqueta
Sense etiquetes, Sigues el primer a etiquetar aquest registre!
|
MARC
| LEADER | 00000nam a2200000 a 4500 | ||
|---|---|---|---|
| 001 | UCR0933 | ||
| 003 | CL-VaPUC | ||
| 005 | 20220314123814.0 | ||
| 008 | 971205e19320000FR |||||||||||||||||fre|d | ||
| 999 | |c 264431 |d 264429 | ||
| 040 | |c Pontificia Universidad Católica de Valparaíso | ||
| 082 | 0 | 4 | |a 340.54 COL 1932 |2 21 |
| 100 | 0 | |a Collinet, Paul |e autor |9 397583 | |
| 245 | 1 | 3 | |a La precédure par la libelle |
| 260 | 0 | 3 | |a París, Francia |b Sirey |c 1932 |
| 300 | |a 547 páginas | ||
| 490 | 0 | |a Etudes Historiques sur le Droit de Justinien | |
| 583 | |a last modification |c 20150122 12:06:08 |k Rodrigo Vera | ||
| 650 | 0 | |a Derecho romano |9 255930 | |
| 650 | 7 | |a PROCESO JURIDICO |2 CL-VaPUC |9 394452 | |
| 650 | 0 | |a Naturaleza jurídica |9 371885 | |
| 650 | 0 | |a Escritos jurídicos |9 392715 | |
| 942 | |c BK |2 ddc | ||
| 945 | |d 19971205 00:00:00 |a aolguin | ||
| 952 | |0 0 |1 0 |2 ddc |4 0 |6 340_540000000000000_COL_1932 |7 0 |8 DER_ROM |9 294708 |a BIBDER |b BIBDER |d 2019-11-19 |i 1898930 |l 1 |o 340.54 COL 1932 |p 1898930 |r 2023-01-25 |s 2020-03-19 |t 1 |w 2019-11-19 |x Ubicación 4to piso |y BK |z Este recurso debe solicitarse con anticipación |k DER | ||